ბათუმის შოთა რუსთაველის სახელმწიფო უნივერსიტეტის ბიბლიოთეკა

ჩანაწერი Personal Name

ჩანაწერთა რაოდენობა, რომელიც გამოყენებულია: 1

001 - CONTROL NUMBER

  • control field: 24522

003 - CONTROL NUMBER IDENTIFIER

  • control field: GE_BSU

005 - DATE AND TIME OF LATEST TRANSACTION

  • control field: 20250311172947.0

008 - FIXED-LENGTH DATA ELEMENTS

  • fixed length control field: 250311|| aca||aabn | a|a d

040 ## - CATALOGING SOURCE

  • Original cataloging agency: GE_BSU
  • Transcribing agency: GE_BSU

100 ## - HEADING--PERSONAL NAME

  • Personal name: მამაცაშვილი, თამარ
  • Relator term: პროექტის რედაქტორი

670 ## - SOURCE DATA FOUND

  • Source citation: Work cat.: (GE_BSU)52565: იმერეთის მეფე სოლომონ I ; წმინდა მეფე სოლომონ II ; გაენათელი მიტროპოლიტი ეფთვიმე ; ქუთათელი მიტროპოლიტი დოსითეოზი /